[Event "London Classic Open 2014"]
[Site "London ENG"]
[Date "2014.12.08"]
[Round "1.75"]
[White "Kouchak, Jason"]
[Black "Ethelontis, Alexandros N"]
[Result "0-1"]
[WhiteElo "1720"]
[BlackElo "2160"]
[WhiteFideId "26011379"]
[BlackFideId "405469"]
[EventDate "2014.12.08"]

1. d4 e6 2. Nf3 Nf6 3. Bg5 c5 4. Bxf6 Qxf6 5. c3 Nc6 6. e3 Qd8 7. Bd3 Be7 8.
Nbd2 cxd4 9. exd4 d5 10. h4 Bf6 11. Qb3 h6 12. O-O-O Qb6 13. Kb1 Bd7 14. Rde1
Qxb3 15. Nxb3 b6 16. Ba6 Rb8 17. Bd3 h5 18. Bb5 O-O 19. Re3 Rfd8 20. Rhe1 Ne7
21. Bxd7 Rxd7 22. g3 Rc7 23. Ne5 Nf5 24. R3e2 a5 25. a3 Nd6 26. Nd2 b5 27. Rc1
Nc4 28. Ndxc4 bxc4 29. Rcc2 Rb6 30. f4 Be7 31. Kc1 Rcb7 32. Kd1 Bd6 33. Nf3 Kf8
34. Ke1 Re7 35. Kf2 f6 36. Re1 Kf7 37. Kg2 Reb7 38. Ree2 Rb8 39. Kf1 Be7 40. Kg2
Ke8 41. Kf2 Kd7 42. Ke1 Rg8 43. Kf2 Re8 44. Kf1 Bd6 45. Kf2 Rb7 46. Re1 Kc6 47.
Kg2 g6 48. Kf2 Bf8 49. Kf1 Bg7 50. Kg2 Kd6 51. Rce2 Rbe7 52. Kf2 a4 53. Kf1 Rf8
54. Kg2 Rb8 55. Rd2 Reb7 56. Ree2 Re7 57. Re1 e5 58. dxe5+ fxe5 59. fxe5+ Bxe5
60. Rde2 Rbe8 61. Nxe5 Rxe5 62. Kf2 Rf8+ 63. Kg2 Rff5 64. Re3 Rxe3 65. Rxe3 Re5
66. Kf3 Rxe3+ 67. Kxe3 Ke5 68. Kf3 Kf5 69. Ke3 Ke5 70. Kf3 d4 71. cxd4+ Kxd4 72.
Kf4 Kd3 73. Kg5 Kc2 74. Kxg6 Kxb2 75. Kxh5 c3 76. g4 c2 77. g5 c1=Q 78. g6 Qg1
79. Kh6 Kxa3 80. g7 Qg4 0-1

[Event "London Classic Open 2014"]
[Site "London ENG"]
[Date "2014.12.08"]
[Round "1.76"]
[White "Williamson, Roger G"]
[Black "Pattni, Kishan"]
[Result "1-0"]
[WhiteElo "2160"]
[BlackElo "1716"]
[WhiteFideId "414620"]
[BlackFideId "420751"]
[EventDate "2014.12.08"]

1. d4 Nf6 2. c4 e6 3. Nc3 Bb4 4. e3 O-O 5. Ne2 Re8 6. a3 Bf8 7. Ng3 d5 8. cxd5
exd5 9. Bd3 c6 10. O-O Bd6 11. Nf5 Bc7 12. f3 Nbd7 13. g4 g6 14. Nh6+ Kg7 15. g5
Nh5 16. f4 Ndf6 17. Be2 Be6 18. f5 Bxh2+ 19. Kxh2 Qd6+ 20. Rf4 Nxf4 21. exf4
gxf5 22. gxf6+ Kxf6 23. Qg1 Ke7 24. Qg5+ Kd7 25. Nxf5 Qc7 26. Bd2 Rad8 27. Rc1
a6 28. Ng7 Rg8 29. Nxe6 fxe6 30. Qe5 Qb6 31. Na4 1-0

[Event "London Classic Open 2014"]
[Site "London ENG"]
[Date "2014.12.08"]
[Round "1.77"]
[White "Fixmer, Eric"]
[Black "Shamima, Akter Liza"]
[Result "0-1"]
[BlackTitle "WIM"]
[WhiteElo "1686"]
[BlackElo "2159"]
[WhiteFideId "4004469"]
[BlackFideId "10202587"]
[EventDate "2014.12.08"]

1. e4 c5 2. Nc3 e6 3. f4 d5 4. Bb5+ Nc6 5. Bxc6+ bxc6 6. Nf3 h5 7. O-O Nf6 8. e5
Ng4 9. Na4 Ba6 10. d3 c4 11. d4 Qa5 12. Nc3 c5 13. f5 cxd4 14. Nxd4 Bc5 15. fxe6
fxe6 16. Kh1 Qc7 17. Nxe6 Qxe5 18. Bf4 Qxe6 19. Qf3 O-O-O 20. Rae1 Qd7 21. h3
Bb7 22. Qg3 Rdf8 23. b4 Bb6 24. a4 a5 25. Bd6 Nf2+ 26. Kh2 h4 27. Qg5 Qxd6+ 0-1

[Event "London Classic Open 2014"]
[Site "London ENG"]
[Date "2014.12.08"]
[Round "1.78"]
[White "Smith, Andrew Philip"]
[Black "Wong, Shyun Fwu Aldrin"]
[Result "1-0"]
[WhiteTitle "FM"]
[WhiteElo "2148"]
[BlackElo "1652"]
[WhiteFideId "2500833"]
[BlackFideId "5806500"]
[EventDate "2014.12.08"]

1. e4 e5 2. d4 exd4 3. Qxd4 Nc6 4. Qe3 Nf6 5. Nc3 d6 6. Bd2 Qe7 7. O-O-O Ng4 8.
Qe1 Nf6 9. Bg5 Be6 10. f4 h6 11. Bh4 g5 12. fxg5 hxg5 13. Bxg5 Bh6 14. Bxh6 Rxh6
15. Nf3 O-O-O 16. Bb5 Ne5 17. Nxe5 dxe5 18. Qe3 Ng4 19. Qxa7 c6 20. Ba6 Rxd1+
21. Rxd1 Qc7 22. Qa8+ 1-0

[Event "London Classic Open 2014"]
[Site "London ENG"]
[Date "2014.12.08"]
[Round "1.79"]
[White "Haddock, Paul"]
[Black "Webb, Matthew D"]
[Result "0-1"]
[WhiteElo "1648"]
[BlackElo "2141"]
[WhiteFideId "419150"]
[BlackFideId "418250"]
[EventDate "2014.12.08"]

1. d4 Nf6 2. Nf3 g6 3. Bg5 Bg7 4. Bxf6 Bxf6 5. e3 c5 6. c3 O-O 7. Nbd2 cxd4 8.
exd4 d5 9. Bd3 Nc6 10. Qc2 Qb6 11. O-O Bg4 12. Rae1 Rac8 13. Qb1 Rfe8 14. h3 Bd7
15. Ne5 Nxe5 16. dxe5 Bg7 17. Nf3 e6 18. Nh2 d4 19. c4 f6 20. exf6 Bxf6 21. Bxg6
hxg6 22. Qxg6+ Bg7 23. Ng4 Rf8 24. Nh6+ Kh8 25. Nf7+ Rxf7 26. Qxf7 Qc6 27. b3
Rf8 28. Qe7 Kg8 29. Qg5 Rf5 30. Qd8+ Kf7 31. Qh4 e5 32. Re4 Qf6 33. Qh7 Rg5 34.
g4 Bf5 35. f4 Bxh7 36. fxg5 Qxf1+ 37. Kxf1 Bxe4 38. Kf2 Bf8 39. h4 d3 40. Ke3
Bb4 41. h5 d2 0-1

[Event "London Classic Open 2014"]
[Site "London ENG"]
[Date "2014.12.08"]
[Round "1.80"]
[White "Corsino, Gianluca"]
[Black "Siddiqui, Nida Mishraz"]
[Result "1-0"]
[BlackTitle "WCM"]
[WhiteElo "2140"]
[BlackElo "1636"]
[WhiteFideId "816930"]
[BlackFideId "7800495"]
[EventDate "2014.12.08"]

1. d4 d5 2. c4 e6 3. Nc3 Nf6 4. cxd5 exd5 5. Bg5 Be7 6. Qc2 Nbd7 7. e3 O-O 8.
Bd3 Re8 9. Nf3 Nf8 10. O-O Ng6 11. h3 c6 12. Bxf6 Bxf6 13. b4 Qd6 14. Rab1 a5
15. a3 axb4 16. axb4 Bd7 17. Rfc1 Rec8 18. Na4 Bd8 19. Nc5 Rc7 20. Ra1 Rb8 21.
Ra7 b6 22. Rxc7 Bxc7 23. Nxd7 Qxd7 24. Qxc6 Qxc6 25. Rxc6 Bd8 26. Bxg6 hxg6 27.
b5 Kf8 28. Rd6 Ra8 29. g3 Ra1+ 30. Kg2 Bc7 31. Rd7 Rc1 32. h4 Ke8 33. Rxd5 Ke7
34. h5 Kf6 35. hxg6 Kxg6 36. Rd7 Kf6 37. d5 Be5 38. g4 Rc5 39. g5+ Kf5 40. Rxf7+
Ke4 41. Re7 Rxd5 42. Rxe5+ Rxe5 43. Nxe5 Kxe5 44. f4+ Ke4 45. Kf2 g6 46. Ke2 Kd5
47. Kd3 Kc5 48. f5 Kd6 49. fxg6 Ke7 50. Kd4 1-0

[Event "London Classic Open 2014"]
[Site "London ENG"]
[Date "2014.12.08"]
[Round "1.81"]
[White "Sajjadi, Kimiya"]
[Black "Van Zyl-Rudd, Jack"]
[Result "1-0"]
[WhiteElo "1611"]
[BlackElo "1564"]
[WhiteFideId "1516434"]
[BlackFideId "14310929"]
[EventDate "2014.12.08"]

1. d4 Nf6 2. c4 e6 3. Nc3 Bb4 4. Qc2 O-O 5. e4 d5 6. e5 Nfd7 7. Nf3 dxc4 8. Ng5
g6 9. Qe4 Re8 10. h4 f5 11. Qe3 h5 12. Bxc4 Nf8 13. a3 Ba5 14. O-O c6 15. Qf4
Qe7 16. b4 Bc7 17. Bb3 Nbd7 18. Bd2 Nb6 19. Rfc1 a6 20. Rc2 Bd7 21. Qg3 Bd8 22.
Ne2 Nd5 23. Nf4 Nxf4 24. Bxf4 Bb6 25. Rd2 Rad8 26. Nh3 Ra8 27. Be3 Bd8 28. Bg5
Qg7 29. Nf4 Bxg5 30. Qxg5 Nh7 31. Qxg6 Qxg6 32. Nxg6 Kg7 33. Nf4 Kh6 34. Bd1 1-0

[Event "London Classic Open 2014"]
[Site "London ENG"]
[Date "2014.12.08"]
[Round "1.82"]
[White "Gavriel, Tryfon C"]
[Black "Calderon, Paul"]
[Result "1-0"]
[WhiteTitle "CM"]
[WhiteElo "2128"]
[BlackElo "1866"]
[WhiteFideId "403105"]
[BlackFideId "2082160"]
[EventDate "2014.12.08"]

1. e4 c5 2. Nf3 Nc6 3. d4 cxd4 4. Nxd4 e5 5. Nb5 d6 6. c4 a6 7. N5c3 Be7 8. Nd5
Nf6 9. Nbc3 O-O 10. Be2 Be6 11. Be3 Ne8 12. Qd2 f5 13. exf5 Bxf5 14. Rd1 Rb8 15.
O-O Qd7 16. b4 Qe6 17. b5 Nd8 18. g4 Bg6 19. f4 Bf7 20. f5 Qd7 21. Ba7 Rc8 22.
Nb6 Qc7 23. Nxc8 Qxc8 24. Nd5 Bxd5 25. Qxd5+ Kh8 26. bxa6 Qa8 27. Bb6 Qxa6 28.
Qa5 Nc6 29. Qxa6 bxa6 30. Bf3 Nb4 31. Rf2 Nf6 32. Ba5 d5 33. cxd5 Bc5 34. Bxb4
Bxb4 35. Re2 e4 36. Bxe4 Nxg4 37. Rc1 Ba5 38. Rc6 Bb4 39. d6 h6 40. h3 Ne5 41.
Rxa6 Rd8 42. Kg2 Bxd6 43. Ra8 Rxa8 44. Bxa8 Kg8 45. a4 Bc7 46. Rc2 Bb6 47. a5
Bd4 48. a6 Nd3 49. Rc7 Nf4+ 50. Kf3 Nh5 51. Bd5+ Kh7 52. a7 Bxa7 53. Rxa7 Nf6
54. Bf7 h5 55. Bg6+ Kh6 56. h4 Nd7 57. Ra8 Nf8 58. Rb8 Nxg6 59. Rb6 Kh7 60. Rxg6
Kg8 61. Kf4 Kh7 62. Kg5 Kh8 63. f6 Kh7 64. f7 1-0

[Event "London Classic Open 2014"]
[Site "London ENG"]
[Date "2014.12.08"]
[Round "1.83"]
[White "Hebbes, Tim"]
[Black "Inglese, Guido"]
[Result "1-0"]
[WhiteElo "2126"]
[BlackElo "1619"]
[WhiteFideId "406570"]
[BlackFideId "821250"]
[EventDate "2014.12.08"]

1. Nf3 d5 2. e3 e6 3. c4 f5 4. cxd5 exd5 5. b3 Nf6 6. Bb2 Bd6 7. Be2 Nbd7 8. Nd4
Nc5 9. d3 O-O 10. Nd2 c6 11. b4 Na6 12. a3 Nc7 13. g3 Qe7 14. O-O a6 15. Bf3 Nb5
16. N4b3 Be5 17. Qc2 Bxb2 18. Qxb2 b6 19. Rfc1 Bb7 20. a4 Nc7 21. Nd4 Qd7 22.
Rc2 Rac8 23. Rac1 Nce8 24. N2b3 Nd6 25. a5 Nb5 26. axb6 Nxd4 27. Qxd4 Qd6 28.
Na5 Qd7 29. Ra1 Ne8 30. Rca2 Nd6 31. Nxb7 Qxb7 32. Rxa6 Nb5 33. Qc5 Ra8 34.
Bxd5+ cxd5 35. Rxa8 Rxa8 36. Rxa8+ Qxa8 37. Qxb5 Kf8 38. b7 Qb8 39. Qc5+ 1-0

[Event "London Classic Open 2014"]
[Site "London ENG"]
[Date "2014.12.08"]
[Round "1.85"]
[White "Hill, Alistair"]
[Black "Verma, Aditya"]
[Result "1-0"]
[WhiteElo "2112"]
[BlackElo "1611"]
[WhiteFideId "432407"]
[BlackFideId "426202"]
[EventDate "2014.12.08"]

1. e4 e6 2. d4 d5 3. Nd2 Nf6 4. e5 Nfd7 5. Bd3 c5 6. c3 Nc6 7. Ne2 Qb6 8. Nf3
Be7 9. O-O O-O 10. Re1 Re8 11. h4 h6 12. Bb1 Nf8 13. Nf4 Bd7 14. Nh5 cxd4 15.
Nxd4 Nxd4 16. Qg4 Ng6 17. cxd4 Bxh4 18. Bxg6 fxg6 19. Qxg6 Re7 20. Qg4 Bg5 21.
f4 g6 22. Ng3 Qxd4+ 23. Be3 Qa4 24. b3 Qb4 25. a3 Qxb3 26. fxg5 h5 27. Qb4 Qxb4
28. axb4 a6 29. Rf1 Rf8 30. Rxf8+ Kxf8 31. Bc5 1-0

[Event "London Classic Open 2014"]
[Site "London ENG"]
[Date "2014.12.08"]
[Round "1.86"]
[White "Lie, Terje"]
[Black "Makepeace, Philip J"]
[Result "1/2-1/2"]
[WhiteElo "1593"]
[BlackElo "2103"]
[WhiteFideId "1504916"]
[BlackFideId "413550"]
[EventDate "2014.12.08"]

1. d4 d5 2. c4 e6 3. Nf3 Be7 4. Nc3 Nf6 5. Bg5 O-O 6. e3 h6 7. Bh4 c6 8. cxd5
Nxd5 9. Bxe7 Qxe7 10. Be2 Nd7 11. O-O Rd8 12. Qb3 a5 13. Rfc1 N7b6 14. Na4 Nxa4
15. Qxa4 Bd7 16. Qc4 Be8 17. Ne5 f6 18. Nd3 Bf7 19. Qc5 Qc7 20. a3 a4 21. Qc2
Bg6 22. Qd2 Bxd3 23. Bxd3 Ra5 24. Qe2 Nb6 25. g3 Qd6 26. Be4 f5 27. Bg2 Rb5 28.
Rc2 e5 29. dxe5 Qxe5 30. Rb1 Rc5 31. Rxc5 Qxc5 32. Rd1 Rxd1+ 33. Qxd1 Kh7 34.
Bf1 Qd5 35. Qc2 g6 36. h4 h5 37. Be2 Qe5 38. Bf1 Kg7 39. Bg2 Kf6 40. Bf1 Kg7 1/2-1/2

[Event "London Classic Open 2014"]
[Site "London ENG"]
[Date "2014.12.08"]
[Round "1.87"]
[White "Haldorsen, Benjamin"]
[Black "Ali, Niall"]
[Result "1-0"]
[WhiteElo "2096"]
[BlackElo "1553"]
[WhiteFideId "1512633"]
[BlackFideId "430528"]
[EventDate "2014.12.08"]

1. e4 e6 2. d4 d5 3. Nc3 Bb4 4. a3 Bxc3+ 5. bxc3 c5 6. exd5 exd5 7. Nf3 Nc6 8.
Be2 Bf5 9. O-O Nf6 10. Rb1 Qc7 11. dxc5 O-O 12. Bg5 Ne4 13. Qxd5 Nxc3 14. Qxf5
Nxe2+ 15. Kh1 Ncd4 16. Nxd4 Nxd4 17. Qd5 Ne6 18. Rxb7 Qxc5 19. Qxc5 Nxc5 20. Rb5
Rfc8 21. Be3 Ne6 22. Rfb1 Rxc2 23. Rb8+ Rxb8 24. Rxb8+ Nf8 25. g3 a6 26. Bf4 Rc6
27. Rd8 f5 28. Bd6 Rxd6 29. Rxd6 Kf7 30. Rxa6 Ne6 31. Kg2 Kf6 32. h4 g6 33. Kf3
Ke5 34. Rxe6+ Kxe6 35. Kf4 h6 36. a4 Kd6 37. h5 1-0

[Event "London Classic Open 2014"]
[Site "London ENG"]
[Date "2014.12.08"]
[Round "1.89"]
[White "Friedland, Jon S"]
[Black "Bullock, Lee"]
[Result "0-1"]
[WhiteTitle "CM"]
[WhiteElo "2089"]
[BlackElo "1514"]
[WhiteFideId "408484"]
[BlackFideId "425397"]
[EventDate "2014.12.08"]

1. e4 c5 2. c3 d5 3. exd5 Qxd5 4. d4 Nf6 5. Nf3 Nc6 6. Be2 cxd4 7. cxd4 e6 8.
O-O Qd7 9. Be3 Bd6 10. Nc3 a6 11. Qd2 b5 12. a3 O-O 13. Rfd1 Rd8 14. Bg5 Be7 15.
Rac1 Bb7 16. Qf4 Nd5 17. Nxd5 Qxd5 18. Bxe7 Nxe7 19. Rc5 Qd6 20. Qc1 Rac8 21. b4
Nd5 22. Bf1 Nf6 23. Ne5 Ne4 24. Rxc8 Rxc8 25. Qe3 Rc3 26. Bd3 f5 27. h3 Rxa3 28.
Rc1 Rc3 29. Rd1 Qxb4 30. f3 Nf6 31. Nd7 Qe7 32. Nc5 Bc8 33. Qe5 Kf7 34. Qb8 Qd8
35. Bf1 Rxc5 36. dxc5 Qxd1 37. Qxc8 Qd4+ 38. Kh1 Nh5 39. Qc7+ Kf6 40. Kh2 Qe5+
41. Qxe5+ Kxe5 42. g4 Nf4 43. Kg3 Nd5 44. Kh4 Kd4 45. c6 b4 46. Bxa6 b3 47. gxf5
b2 48. fxe6 b1=Q 49. f4 Qe1+ 50. Kg4 Qxe6+ 51. f5 Ne3+ 52. Kh4 Nxf5+ 53. Kg5
Qxc6 0-1

[Event "London Classic Open 2014"]
[Site "London ENG"]
[Date "2014.12.09"]
[Round "2.1"]
[White "Paterek, Michal"]
[Black "Tkachiev, Vladislav"]
[Result "0-1"]
[WhiteTitle "FM"]
[BlackTitle "GM"]
[WhiteElo "2313"]
[BlackElo "2629"]
[WhiteFideId "1116142"]
[BlackFideId "618438"]
[EventDate "2014.12.08"]

1. d4 Nf6 2. c4 b6 3. Nc3 Bb7 4. d5 e6 5. a3 exd5 6. cxd5 g6 7. Nf3 Bg7 8. g3
O-O 9. Bg2 Na6 10. O-O Re8 11. Nd4 Nc5 12. Bf4 Nh5 13. Be3 Rxe3 14. fxe3 Qg5 15.
Rf3 Re8 16. b4 Ne4 17. Nxe4 Rxe4 18. Rc1 Qe5 19. Nb5 Rxe3 20. Rxc7 Rxe2 21. Bf1
Re1 22. Qxe1 Qxe1 23. Rxb7 Be5 24. Rxa7 Nf6 25. d6 Ne4 26. Rxd7 Ng5 27. Rd8+ Kg7
28. d7 Nxf3+ 29. Kg2 Nh4+ 30. gxh4 Qe4+ 31. Kg1 Qxh4 0-1

[Event "London Classic Open 2014"]
[Site "London ENG"]
[Date "2014.12.09"]
[Round "2.2"]
[White "Naroditsky, Daniel"]
[Black "Buchicchio, Giampaolo"]
[Result "1-0"]
[WhiteTitle "GM"]
[BlackTitle "FM"]
[WhiteElo "2620"]
[BlackElo "2301"]
[WhiteFideId "2026961"]
[BlackFideId "811491"]
[EventDate "2014.12.08"]

1. Nf3 d5 2. g3 Nf6 3. Bg2 c6 4. O-O h6 5. c4 Bf5 6. b3 e6 7. Bb2 Nbd7 8. d3 Be7
9. Nbd2 O-O 10. a3 a5 11. Ra2 Qb6 12. Qa1 Rfd8 13. Bc3 Qa6 14. Rc1 Bh7 15. Bf1
Qa7 16. Qb2 Bd6 17. Raa1 Re8 18. b4 e5 19. e3 a4 20. d4 Qb8 21. dxe5 Nxe5 22.
cxd5 Nxd5 23. Nxe5 Bxe5 24. Bxe5 Rxe5 25. Bg2 Qe8 26. b5 Rd8 27. bxc6 bxc6 28.
Nf3 Re6 29. Nd4 Rf6 30. Qe2 Be4 31. Bxe4 Qxe4 32. Qc2 Qg4 33. Nxc6 Rc8 34. Qd2
Rfxc6 35. Rxc6 Rxc6 36. Qxd5 Rc2 37. Rb1 Rc3 38. Rb8+ Rc8 39. Qd4 Qh3 40. Rxc8+
Qxc8 41. Qxa4 1-0

[Event "London Classic Open 2014"]
[Site "London ENG"]
[Date "2014.12.09"]
[Round "2.3"]
[White "Fernandez, Michael"]
[Black "Socko, Bartosz"]
[Result "0-1"]
[WhiteTitle "FM"]
[BlackTitle "GM"]
[WhiteElo "2301"]
[BlackElo "2617"]
[WhiteFideId "5803560"]
[BlackFideId "1107038"]
[EventDate "2014.12.08"]

1. e4 c6 2. Nc3 d5 3. d4 dxe4 4. Nxe4 Bf5 5. Ng3 Bg6 6. Nf3 Nd7 7. h4 h6 8. h5
Bh7 9. Bd3 Bxd3 10. Qxd3 e6 11. Bd2 a5 12. c4 Ngf6 13. Ne4 a4 14. Bc3 a3 15.
Nxf6+ Nxf6 16. b3 Be7 17. Ne5 Qc7 18. f4 c5 19. Qf3 cxd4 20. Bxd4 Bb4+ 21. Ke2
O-O 22. g4 Rfd8 23. Rhd1 Rd6 24. Bc3 Bxc3 25. Qxc3 Rad8 26. Rxd6 Qxd6 27. Rg1
Ne4 28. Qd3 Qb6 29. Qe3 Rd2+ 30. Kf3 Qxe3+ 31. Kxe3 f5 32. Ng6 Rxa2 33. Rd1 Re2+
34. Kd4 Rd2+ 0-1

[Event "London Classic Open 2014"]
[Site "London ENG"]
[Date "2014.12.09"]
[Round "2.4"]
[White "Lenderman, Aleksandr"]
[Black "Haugli, Petter"]
[Result "1-0"]
[WhiteTitle "GM"]
[BlackTitle "IM"]
[WhiteElo "2608"]
[BlackElo "2283"]
[WhiteFideId "2021285"]
[BlackFideId "1500104"]
[EventDate "2014.12.08"]

1. d4 d5 2. c4 c6 3. Nf3 Nf6 4. Qc2 g6 5. Bf4 Bf5 6. Qb3 Qb6 7. e3 Na6 8. Nc3
Bg7 9. cxd5 Qxb3 10. axb3 Nb4 11. dxc6 bxc6 12. Kd2 O-O 13. Ra5 Nbd5 14. Nxd5
cxd5 15. Ba6 Bc8 16. Rc1 Ne4+ 17. Ke2 Bxa6+ 18. Rxa6 Rfc8 19. Rxa7 Bf8 20. Rxa8
Rxa8 21. Ne1 g5 22. Bc7 Ra2 23. Nd3 e6 24. Rc6 Ra7 25. b4 Rb7 26. Bb6 Nf6 27.
Nc5 Rb8 28. Na6 Rb7 29. Ba5 1-0

[Event "London Classic Open 2014"]
[Site "London ENG"]
[Date "2014.12.09"]
[Round "2.5"]
[White "Mihajlov, Sebastian"]
[Black "Fier, Alexandr"]
[Result "1/2-1/2"]
[WhiteTitle "FM"]
[BlackTitle "GM"]
[WhiteElo "2278"]
[BlackElo "2592"]
[WhiteFideId "1512110"]
[BlackFideId "2107139"]
[EventDate "2014.12.08"]

1. d4 Nf6 2. c4 g6 3. Nf3 Bg7 4. g3 c5 5. Bg2 cxd4 6. Nxd4 Nc6 7. Nxc6 bxc6 8.
Nc3 O-O 9. O-O Rb8 10. Qc2 Qa5 11. Bf4 d6 12. Rac1 Qh5 13. b3 g5 14. Bd2 Ng4 15.
h3 Nf6 16. Ne4 Bxh3 17. Bxh3 Qxh3 18. Nxg5 Qg4 19. Kg2 h6 20. f3 Qd7 21. Ne4
Nxe4 22. Qxe4 f5 23. Qh4 Rf6 24. e4 Rbf8 25. exf5 Qxf5 26. Qe4 c5 27. Qxf5 Rxf5
28. Rce1 R5f7 29. Re6 h5 30. Bg5 a5 31. Rxe7 a4 32. Re6 axb3 33. axb3 Rb8 34.
Rb1 d5 35. cxd5 1/2-1/2

[Event "London Classic Open 2014"]
[Site "London ENG"]
[Date "2014.12.09"]
[Round "2.6"]
[White "Bluebaum, Matthias"]
[Black "Prosviriakov, Vladimir"]
[Result "1/2-1/2"]
[WhiteTitle "IM"]
[BlackTitle "IM"]
[WhiteElo "2560"]
[BlackElo "2271"]
[WhiteFideId "24651516"]
[BlackFideId "2004860"]
[EventDate "2014.12.08"]

1. d4 d6 2. Nf3 Nf6 3. c4 c6 4. Nc3 Bf5 5. Nh4 Bg6 6. Nxg6 hxg6 7. e4 e5 8. Be2
Qa5 9. Qd3 Nbd7 10. Be3 exd4 11. Qxd4 Nc5 12. O-O-O Ne6 13. Qd2 g5 14. f3 O-O-O
15. Kb1 Kb8 16. g3 Be7 17. Bf1 Nd7 18. Bg2 Ne5 19. Qe2 Qb4 20. Bf1 Bf6 1/2-1/2

[Event "London Classic Open 2014"]
[Site "London ENG"]
[Date "2014.12.09"]
[Round "2.7"]
[White "Constantinou, Peter"]
[Black "Hawkins, Jonathan"]
[Result "1/2-1/2"]
[WhiteTitle "FM"]
[BlackTitle "IM"]
[WhiteElo "2276"]
[BlackElo "2552"]
[WhiteFideId "413038"]
[BlackFideId "412686"]
[EventDate "2014.12.08"]

1. d4 Nf6 2. Nf3 g6 3. Nbd2 Bg7 4. e4 d6 5. c3 O-O 6. Be2 c5 7. O-O b6 8. Re1
Qc7 9. Bf1 Bb7 10. e5 dxe5 11. dxe5 Ng4 12. e6 f5 13. h3 Nf6 14. Ng5 Nc6 15.
Ndf3 Nd8 16. Ne5 Nh5 17. Nd7 Re8 18. Be2 Nf6 19. Qb3 Ne4 20. Bc4 Nc6 21. Bd5
Nxg5 22. Bxg5 h6 23. Be3 Na5 24. Qd1 Rad8 25. Qd2 Bxd5 26. Qxd5 Qc6 27. Rad1
Qxd5 28. Rxd5 Rc8 29. h4 Nc4 30. Bc1 1/2-1/2

[Event "London Classic Open 2014"]
[Site "London ENG"]
[Date "2014.12.09"]
[Round "2.8"]
[White "Chirila, Ioan-Cristian"]
[Black "Dale, Ari"]
[Result "1/2-1/2"]
[WhiteTitle "GM"]
[BlackTitle "IM"]
[WhiteElo "2547"]
[BlackElo "2252"]
[WhiteFideId "1211668"]
[BlackFideId "3213145"]
[EventDate "2014.12.08"]

1. d4 Nf6 2. c4 g6 3. Nf3 Bg7 4. e3 O-O 5. Be2 d5 6. cxd5 Nxd5 7. O-O Nb6 8. e4
c5 9. dxc5 Qxd1 10. Rxd1 Na4 11. Nd4 Nc6 12. Nxc6 bxc6 13. Nc3 Bxc3 14. bxc3
Nxc3 15. Re1 Nxe2+ 16. Rxe2 1/2-1/2

[Event "London Classic Open 2014"]
[Site "London ENG"]
[Date "2014.12.09"]
[Round "2.9"]
[White "Coleman, David J"]
[Black "Dragun, Kamil"]
[Result "0-1"]
[WhiteTitle "CM"]
[BlackTitle "GM"]
[WhiteElo "2253"]
[BlackElo "2547"]
[WhiteFideId "402087"]
[BlackFideId "1134167"]
[EventDate "2014.12.08"]

1. e4 c5 2. Nf3 e6 3. d4 cxd4 4. Nxd4 a6 5. Bd3 Nf6 6. f4 d6 7. Qf3 Qc7 8. Nc3
Nbd7 9. Bd2 b5 10. a3 Bb7 11. g4 Nc5 12. g5 Nfd7 13. b4 Nxd3+ 14. cxd3 g6 15.
Rc1 Qd8 16. Nce2 Rc8 17. Bc3 e5 18. Nb3 Bg7 19. h4 h6 20. Ba1 Rxc1+ 21. Nbxc1 d5
22. Ng3 d4 23. f5 hxg5 24. fxg6 fxg6 25. Qg4 Nf8 26. h5 Bc8 27. Qd1 Ne6 28. Nb3
Qf6 29. Rf1 Nf4 30. Kd2 gxh5 31. Nc5 h4 32. Nf5 Bf8 33. Qg4 Bxf5 34. exf5 Bxc5
35. bxc5 Kf7 36. Bb2 h3 37. c6 Qxc6 0-1

[Event "London Classic Open 2014"]
[Site "London ENG"]
[Date "2014.12.09"]
[Round "2.10"]
[White "Greenfeld, Alon"]
[Black "Semprun Martinez, Fernando"]
[Result "1-0"]
[WhiteTitle "GM"]
[WhiteElo "2536"]
[BlackElo "2239"]
[WhiteFideId "2800039"]
[BlackFideId "2203170"]
[EventDate "2014.12.08"]

1. d4 Nf6 2. c4 g6 3. g3 c6 4. Bg2 d5 5. e3 Bg7 6. Ne2 dxc4 7. Na3 e5 8. Nxc4
exd4 9. Nxd4 O-O 10. O-O Qe7 11. b3 Rd8 12. Ba3 c5 13. Qe1 Na6 14. Qa5 Nd5 15.
Rad1 Bg4 16. Nf5 Bxf5 17. Rxd5 Rxd5 18. Bxd5 Rd8 19. Bxb7 Nb4 20. Bxb4 cxb4 21.
Bd5 Rd7 22. Rd1 Bc3 23. Rc1 Kg7 24. a3 Bd3 25. Rxc3 1-0

[Event "London Classic Open 2014"]
[Site "London ENG"]
[Date "2014.12.09"]
[Round "2.11"]
[White "Roe, Simon J"]
[Black "Hebden, Mark L"]
[Result "1-0"]
[BlackTitle "GM"]
[WhiteElo "2240"]
[BlackElo "2523"]
[WhiteFideId "401471"]
[BlackFideId "400084"]
[EventDate "2014.12.08"]

1. d4 Nf6 2. c4 g6 3. Nf3 Bg7 4. g3 O-O 5. Bg2 d6 6. O-O Nc6 7. Nc3 Rb8 8. d5
Na5 9. Nd2 Nd7 10. Qc2 Ne5 11. b3 c6 12. Bb2 b5 13. cxb5 cxb5 14. Rac1 b4 15.
Nce4 Bb7 16. Ng5 h6 17. Nh3 Qb6 18. Nf4 Rbc8 19. Qb1 Ba6 20. Bh3 Rxc1 21. Rxc1
Nb7 22. Qa1 Nc5 23. Bd4 Bb5 24. Rxc5 Qxc5 25. Bxc5 Nf3+ 26. exf3 Bxa1 27. Bxb4
g5 28. Ng2 f5 29. Ne3 f4 30. Be6+ Kg7 31. Nf5+ Kf6 32. Ne4+ Ke5 33. Nxe7 Kd4 34.
Nxd6 Be2 35. Nc6+ Kd3 36. Ne8 1-0

[Event "London Classic Open 2014"]
[Site "London ENG"]
[Date "2014.12.09"]
[Round "2.12"]
[White "Stopa, Jacek"]
[Black "Farkas, Lajos Dr."]
[Result "1-0"]
[WhiteTitle "IM"]
[WhiteElo "2521"]
[BlackElo "2219"]
[WhiteFideId "1119591"]
[BlackFideId "711390"]
[EventDate "2014.12.08"]

1. d4 Nf6 2. c4 g6 3. f3 Nc6 4. d5 Ne5 5. e4 d6 6. Nc3 Bg7 7. Be2 c6 8. f4 Ned7
9. Nh3 Nc5 10. Nf2 Nfd7 11. O-O a5 12. Rb1 O-O 13. Be3 Qc7 14. Qd2 f5 15. Bf3
Nb6 16. Qe2 Nba4 17. Nxa4 Nxa4 18. Qc2 fxe4 19. Nxe4 cxd5 20. Nxd6 Qxd6 21. Qxa4
d4 22. Bd2 Bf5 23. Rbe1 Qc7 24. b3 Bf6 25. Qb5 Ra7 26. Bd5+ Kh8 27. Be6 Qc6 28.
Bxf5 Qxb5 29. cxb5 gxf5 30. a4 b6 31. Re6 Rb8 32. Rc1 Rd7 33. Kf2 Kg8 34. Kf3
Kf7 35. Rcc6 Rdb7 36. g3 h5 37. h4 d3 38. Re1 Bd4 39. Rd1 Rd7 40. Be1 Bc5 41.
Bxa5 d2 42. Rxd2 Rxd2 43. Bxd2 Rd8 44. Ke2 Rd4 45. a5 Re4+ 46. Kd3 Rd4+ 47. Kc2 1-0